000
00277nam a22001097a 4500
008
170119b xxu||||| |||| 00| 0 eng d
020
_a
9781451143690
041
_a
eng
080
_a
618.2
245
_a
CANADIAN JENSEN'S NURSING HEALTH ASSESSMENT
_c
STEPHEN, T.C
942
_2
udc
_c
BK
999
_c
3198
_d
3198